000 01125nam a2200325 i 4500
001 192214
003 SpMaBN
005 20240528062745.0
008 221119s2018 sp | |||| 000 p spa
017 _aM 31277-2018
_bOficina Depósito Legal Madrid
020 _a9788494844799
035 _a(OCoLC)1103677081
040 _aSpMaBN
_bspa
_cSpMaBN
_erda
080 _a821.134.2-14"19"
080 _a913(460.271)(0:82)
100 1 _aCampos Monsalve, Julia de,
_d1950-
_9159431
_eaut
245 1 0 _aSiempre Madrid /
_cJulia de Campos Monsalve.
250 _aPrimera edición 2018
260 _aMadrid :
_bAgencia del Libro,
_c2018.
300 _a69 páginas ;
_c21 cm.
500 _aÍndice
500 _aHojas impresas por una sola cara
651 7 _aMadrid-
_vPoesías
_9175854
655 7 _aPoesías
_2tgfbne
_9176539
852 4 _aES-MaACL
_jN-8162
_bR. 152929
_cDEPOJ
_gDedicatoria autógrafa de la autora
_hDonación: Julia de Campos Monsalve
_9199496
903 _9159431
_aCampos Monsalve, Julia de,
_d1950-
_ednr
942 _cMONOGRAFIA
_n0
999 _c192214
_d192214